原神 キャラの二つ名 - Statistics

General Stats
  • This quiz has been taken 75 times
  • The average score is 41 of 96
Answer Stats
二つ名 キャラクター % Correct
蒲公英騎士 ジン
100%
ざぶざぶウェーブチェイサー ムアラニ
93%
逃げ回る太陽 クレー
82%
幻光で惑わすトリック リネ
77%
「公子」 タルタリヤ
77%
アカツキワイナリーの貴公子 ディルック
77%
護法夜叉
75%
狼少年 レザー
75%
キラキラアイドル バーバラ
75%
飛行チャンピオン アンバー
70%
一心浄土 雷電将軍
70%
キャッツテールスペシャル ディオナ
68%
断罪の皇女!! フィッシュル
68%
万民百味 香菱
66%
おっとりパワフル! ヴァレサ
64%
白鷺氷華 神里綾華
64%
白亜の申し子 アルベド
61%
風色の詩人 ウェンティ
61%
不休のソリスト フリーナ
59%
幽谷に咲く蘭 夜蘭
59%
忍びの里の貉 早柚
57%
爆熱リズム 辛炎
57%
薔薇の魔女 リサ
55%
風波流浪の紅葉 楓原万葉
55%
浮世闊歩 鍾離
52%
龍の愛娘 シグウィン
50%
星天水鏡 モナ
50%
暗黒の謎煙 オロルン
50%
仙鶴の告げる佳音 閑雲
50%
騎士道の花咲 ノエル
50%
暝天の凶月 アルレッキーノ
48%
冷たき黄泉帰り 七七
48%
寒風の剣士 ガイア
48%
月を覆う天権 凝光
48%
檐宇遊猫 綺良々
45%
白草浄華 ナヒーダ
43%
舵を這うラディアントローズ ナヴィア
43%
夜を焼き尽くす炎 マーヴィカ
43%
真実を求める曇りなきモノクル シャルロット
43%
雄々しき戎犬 ゴロー
43%
白星黒曜 シトラリ
41%
波沫のワルツ エウルア
41%
雪晴梅香 胡桃
41%
霜晴の測量 ミカ
39%
久世浮傾 放浪者
39%
異世界の救世主 アーロイ
39%
真珠の智 珊瑚宮心海
39%
花坂豪快 荒瀧一斗
39%
告諭の潮騒 ヌヴィレット
36%
無害の甘味 スクロース
36%
熾鬣の獅子 ディシア
36%
少壮気鋭 行秋
34%
琉焔に舞う大輪 宵宮
34%
綺思と夜星 レイラ
34%
燭火を携えた影の狩人 クロリンデ
34%
夢の庭に隠せし財宝 ドリー
34%
渡来介者 トーマ
34%
黒羽鳴鏑 九条裟羅
34%
疾雷快雨 刻晴
34%
厳罰を与える法の通暁者 シュヴルーズ
32%
絨毯に舞い落ちる蓮光 ニィロウ
32%
巡空の裁翼 チャスカ
32%
睦み合う綺羅の夢 夢見月瑞希
32%
雷鳴の裁錦師 千織
30%
荊冠の恩典 ロサリア
30%
煩悩刈除 久岐忍
30%
魂を鋳る烈火 シロネン
30%
無冠の龍王 北斗
27%
金の混じる原鉱 カチーナ
27%
孤辰悲哀 申鶴
27%
純真を抱く萌蘖 コレイ
27%
仙蕊玲瓏 ヨォーヨ
27%
頭角を現す駿猊 嘉明
27%
権謀教戒 アルハイゼン
27%
百折不撓の熔岩 イアンサ
27%
廻焔を継ぐ狩人 キィニチ
27%
紅絨毯に舞う麗姿 雲菫
27%
雪消の跡 重雲
27%
機求封秘 ファルザン
27%
緘秘の裁き セノ
25%
千の跡を辿って エミリエ
25%
乂安を願うもの 鹿野院平蔵
25%
運命の試金石 ベネット
25%
春を編む翦玉 藍硯
25%
遵生合和 白朮
25%
緑土逍遥 ティナリ
25%
綺影で魅せるエレガンス リネット
25%
循々守月 甘雨
23%
天穹の鏡 カーヴェ
23%
夢想の海を沈んで フレミネ
23%
無邪気な知恵 煙緋
23%
磐祭葉守 神里綾人
23%
知恵のはかり手 セトス
23%
浮世笑百姿 八重神子
23%
寂罪の密使 リオセスリ
18%
浮金の誓願 キャンディス
18%
No matching quizzes found
Score Distribution
Percent of People with Each Score
Percentile by Number Answered
Your Score History
You have not taken this quiz